Baldomero Sanín (Registro nro. 317351)

Detalles MARC
000 -ENCABEZADO
Número de control [NR] 01066nam a2200265 c 4500
005 - FECHA Y HORA DE LA ÚLTIMA TRANSACCIÓN
control field 20200329195151.0
008 - DE LONGITUD FIJA DE DATOS DE ELEMENTOS - INFORMACIÓN GENERAL
Elementos de longitud fija [NR] 200304s2019 ck |||gr|||| 00| 0 spa d
020 ## - NUMERO INTERNACIONAL NORMALIZADO PARA LIBROS [R]
Número Internacional Normalizado del libro [NR] 9789587843354
020 ## - NUMERO INTERNACIONAL NORMALIZADO PARA LIBROS [R]
Número Internacional Normalizado del libro [NR] 9789587843361
Términos de disponibilidad [NR] ISBN ePub
020 ## - NUMERO INTERNACIONAL NORMALIZADO PARA LIBROS [R]
Número Internacional Normalizado del libro [NR] 9789587843378
Términos de disponibilidad [NR] ISBN PDF
040 ## - FUENTE DE CATALOGACION [NR]
Agencia de catalogación original [NR] CO-BoUCM
Idioma de catalogación [NR] spa
Quien Cataloga Deissy Garcia
Quien Clasifica Deissy Garcia
041 0# - CODIGO DE IDIOMA [R]
Código de idioma para texto/pista de sonido o título separado [R] Español
100 1# - ASIENTO PRINCIPAL--NOMBRE PERSONAL [NR]
Nombre personal [NR] Rubiano Muñoz, Rafael
ID Autoridad 48151
245 10 - MENCION DE TITULO [NR]
Título [NR] Baldomero Sanín
Parte restante del título [NR] un intelectual transeúnte y un liberal de izquierda. A los 62 años de su muerte
Mención de responsabilidad, etc. [NR] Rafael Rubiano Muñoz,
260 ## - PUBLICACION, DISTRIBUCION, ETC. (PIE DE IMPRENTA) [R]
Nombre del editor, distribuidor, etc. [R] Universidad del Rosario
Fecha de publicación, distribución, etc. [R] 2019
Lugar de publicación, distribución, etc. [R] Bogotá
300 ## - DESCRIPCION FISICA [R]
Extensión [R] xi, 514 páginas
490 0# - MENCION DE SERIE [R]
Mención de serie [R] Ciencias Humanas
504 ## - NOTA DE BIBLIOGRAFIA, ETC. [R]
Nota de bibliografía, etc. [NR] Incluye referencias bibliográficas
600 #0 - ASIENTO SECUNDARIO DE MATERIA - NOMBRE PERSONAL [R]
9 (RLIN) 49493
Nombre personal [NR] Sanín Cano, Baldomero
Fechas asociadas con el nombre [NR] 1861-1957
Subdivisión general [R] Biografía
650 17 - ASIENTO SECUNDARIO DE MATERIA - TERMINO TEMATICO [R]
9 (RLIN) 34755
Término temático o nombre geográfico como elemento de entrada [NR] Periodistas colombianos
Subdivisión de forma [R] Biografías
Subdivisión cronológica [R] Siglo XX
650 17 - ASIENTO SECUNDARIO DE MATERIA - TERMINO TEMATICO [R]
9 (RLIN) 71973
Término temático o nombre geográfico como elemento de entrada [NR] Intelectuales colombianos
Subdivisión general [R] Biografías
Subdivisión cronológica [R] Siglo XX
700 1# - ASIENTO SECUNDARIO - NOMBRE PERSONAL [R]
9 (RLIN) 100153
Nombre personal [NR] González Peláez, Valeria Isabela Nieves
942 ## - ELEMENTOS DE ENTRADA AGREGADOS (KOHA)
Tipo de ítem principal el descrito en 300a Libro
Sistema de clasificación DEWEY
Tema principal Historia
Edición 20
Clasificación 920.5
Parte restante de la signatura top. S227r
Existencias
Total préstamos Signatura topográfica Código de barras Última vez visto Ejemplar Costo de reposición Price effective from Tipo de ítem Perdido Sistema de clasificación Dañado No prestable Tipo de ítem específico Suprimido Ubicación habitual Ubicación actual Localización Fecha de creación Proveedor Forma de adquisición Costo Fecha de último préstamo
  920.5 S227r 100165759 09/12/2025 Ej.4 17013.35 13/02/2020 Libro   DEWEY     Libro   Claustro Claustro 2do piso 13/02/2020 45 Compra 17013.35  
  920.5 S227r 100165760 09/12/2025 Ej.3 17013.35 13/02/2020 Libro   DEWEY     Libro   Claustro Claustro 2do piso 13/02/2020 45 Compra 17013.35  
1 920.5 S227r 100165761 09/12/2025 Ej.2 17013.35 13/02/2020 Libro   DEWEY     Libro   Claustro Claustro 2do piso 13/02/2020 45 Compra 17013.35 22/11/2024
  920.5 S227r 100165758 03/12/2025 Ej.1 17013.35 13/02/2020 Edición Rosarista   DEWEY     Libro Edición Rosarista   Claustro Claustro 4to piso 13/02/2020 45 Compra 17013.35